[Event "34th Chess Olympiad (men)"]
[Site "Istanbul"]
[Date "2000.11.05"]
[Round "8.56.1"]
[White "Kesmaecker, Philippe"]
[Black "Righi, Ezio"]
[WhiteElo "2293"]
[BlackElo "2118"]
[WhiteCountry "MNC"]
[BlackCountry "SMR"]
[Result "1-0"]

1. Nf3 d5 2. b4 Qd6 3. a3 e5 4. e3 f6 5. Bb2 Be6 6. d4 Nd7 7. Be2 Be7 
8. Qc1 Nh6 9. c4 c6 10. c5 Qc7 11. Nc3 O-O 12. Qc2 e4 13. Nd2 f5 14. g3 Nf6 
15. O-O-O Nfg4 16. Rdf1 Bg5 17. Nd1 Be7 18. h3 Nf6 19. Nc3 Nf7 20. Rfg1 Nd7 
21. Qb3 b6 22. g4 f4 23. cxb6 axb6 24. Ndxe4 Ng5 25. Nxg5 Bxg5 26. h4 Be7 
27. Bd3 fxe3 28. fxe3 Rf3 29. Re1 Nf8 30. Kb1 Qd6 31. Qd1 Rf2 32. Bc2 Qg3 
33. g5 Bg4 34. Qd3 Bf5 35. e4 Rf3 36. Qd2 dxe4 37. Bxe4 Bxe4+ 38. Rxe4 Rd3 
39. Qe1 Bd6 40. Qxg3 Rxg3 41. Rc1 Rh3 42. Ne2 Rc8 43. Rc3 Rxc3 44. Nxc3 Kf7 
45. Kc2 h6 46. gxh6 gxh6 47. Bc1 h5 48. Bf4 Rd8 49. d5 Ng6 50. Bg5 cxd5 
51. Bxd8 dxe4 52. Nxe4 Ke6 53. Bxb6 Nxh4 54. Kd3 Nf5 55. Kc4 h4 56. a4 Kd7 
57. Ng5 Kc6 58. Bg1 Bf4 59. b5+ Kb7 60. Nh3 Be3 61. Bxe3 Nxe3+ 62. Kc5 Nc2 
63. a5 Kb8 64. Kb6 Nb4 65. a6 Ka8 66. Nf4 Kb8 67. Ka5 Nd5 68. Nxd5 h3 69. Kb6 
1-0

[Event "34th Chess Olympiad (men)"]
[Site "Istanbul"]
[Date "2000.11.05"]
[Round "8.56.2"]
[White "Volpinari, Danilo"]
[Black "Gentilleau, Jean-Philippe"]
[WhiteElo "2084"]
[BlackElo "2177"]
[WhiteCountry "SMR"]
[BlackCountry "MNC"]
[Result "0-1"]

1. d4 e6 2. Nf3 d5 3. Bf4 c5 4. e3 Nc6 5. c3 Nf6 6. Bd3 Bd6 7. Ne5 Qc7 
8. Bb5 O-O 9. Nxc6 bxc6 10. Bxd6 Qxd6 11. Bd3 Rb8 12. dxc5 Qxc5 13. b4 Qe7 
14. O-O e5 15. a3 Bg4 16. Qc2 e4 17. Be2 Qe5 18. Re1 Bxe2 19. Qxe2 Rfc8 
20. Rc1 c5 21. Ra2 cxb4 22. axb4 Rxb4 23. Rxa7 Qb8 24. Ra1 Rb2 25. Nd2 Nd7 
26. Qd1 Ne5 27. c4 Nxc4 28. Nxc4 dxc4 29. Qd4 c3 30. Qxe4 c2 31. g3 h6 
32. h4 Qb3 33. Ra8 Rxa8 34. Qxa8+ Kh7 35. Qe4+ g6 36. Kg2 h5 37. Qc6 Qd3 
38. Qf6 Qd5+ 39. Qf3 Qc4 40. Qf6 Rb1 41. Rxc2 Qf1+ 
0-1

[Event "34th Chess Olympiad (men)"]
[Site "Istanbul"]
[Date "2000.11.05"]
[Round "8.56.3"]
[White "Farleigh, Richard"]
[Black "Renzi, Nicola"]
[WhiteElo "2199"]
[BlackElo "2000"]
[WhiteCountry "MNC"]
[BlackCountry "SMR"]
[Result "0-1"]

1. g3 e5 2. c4 g6 3. Bg2 Bg7 4. Nc3 d6 5. e3 Nc6 6. Nge2 f5 7. O-O Nf6 
8. Rb1 a5 9. a3 O-O 10. b4 Nh5 11. b5 Ne7 12. f4 Nf6 13. Bb2 Rb8 14. Qa4 b6 
15. Nd5 e4 16. Nxf6+ Bxf6 17. Nd4 Qd7 18. Qb3 Bb7 19. Rfc1 Kh8 20. c5 Bd5 
21. c6 Qe8 22. Qc2 Bg8 23. g4 fxg4 24. Bxe4 d5 25. Bd3 Nc8 26. f5 g5 
27. Rf1 Nd6 28. Rf2 Ne4 29. Bxe4 Qxe4 30. Qxe4 dxe4 31. Bc3 h5 32. Rbf1 Bc4 
33. Rc1 Bd5 34. Ba1 Kg7 35. Kf1 Kh6 36. Ke2 h4 37. Rg1 Kh5 38. Rfg2 Bxd4 
39. Bxd4 Bc4+ 40. Ke1 Rxf5 41. Rxg4 Bd3 42. Bf6 Rf1+ 43. Rxf1 Kxg4 44. Rg1+ Kf5 
45. Be7 Rg8 46. a4 Bc2 47. Kf2 Bxa4 48. Rb1 Ke6 49. Ba3 g4 50. Kg2 Rg5 
51. Rf1 Bxb5 52. Rf8 Bxc6 53. Rh8 h3+ 54. Kg3 Rg6 55. Rh7 b5 56. Rxc7 Kd5 
57. Ra7 Kc4 58. Rxa5 b4 59. Bb2 Kd3 60. Ra6 Kc2 61. Bd4 b3 62. Bc3 Be8 
63. Ra8 Bf7 64. Rb8 Rc6 65. Bd4 Be6 66. Kf4 Kxd2 67. Kxe4 Rc8 68. Rb6 g3 
69. Rd6 Kc2 70. Ra6 gxh2 71. Ra1 b2 72. Bxb2 Kxb2 73. Rh1 Rc2 74. Kf3 Kc3 
75. Ke4 Bc8 76. Kf4 Kd3 77. Rd1+ Rd2 78. Re1 Bb7 79. e4 Bxe4 80. Ke5 
0-1

[Event "34th Chess Olympiad (men)"]
[Site "Istanbul"]
[Date "2000.11.05"]
[Round "8.56.4"]
[White "Cecchetti, Roberto"]
[Black "Lebel, Patrick"]
[WhiteElo "2000"]
[BlackElo "2172"]
[WhiteCountry "SMR"]
[BlackCountry "MNC"]
[Result "1-0"]

1. d4 g6 2. Nf3 Bg7 3. Bf4 d6 4. e3 Nd7 5. Be2 e6 6. c3 Ne7 7. h3 b6 8. a4 a6 
9. Na3 Bb7 10. Nc4 O-O 11. O-O h6 12. Bh2 f5 13. Nfd2 Nf6 14. Bf3 Bd5 
15. Qc2 Qd7 16. Bxd6 cxd6 17. Nxb6 Qc6 18. Bxd5 Nexd5 19. Nxa8 Rxa8 20. Qb3 Qc8 
21. Rfc1 Rb8 22. Qa3 Bf8 23. Rab1 Ne4 24. Nxe4 fxe4 25. b4 Nb6 26. Qa2 d5 
27. a5 Nc4 28. Qe2 Bd6 29. h4 Qd8 30. Qg4 Qf6 31. Qh3 Rf8 32. f4 exf3 
33. gxf3 Qxf3 34. Qxf3 Rxf3 35. b5 Na3 36. bxa6 Nxb1 37. a7 Rf8 38. Rxb1 Ra8 
39. Rb7 Kf8 40. Kf2 Ke8 41. e4 Kd8 42. e5 Bc7 43. a6 Kd7 44. Ke3 Kc6 
45. Kf4 Bd8 46. Rb8 g5+ 47. Kg4 Rxa7 48. Rxd8 Kb5 49. Rd6 Kc4 50. Rxe6 Kxc3 
51. hxg5 hxg5 52. Kxg5 Kxd4 53. Kf6 Kc5 54. Rd6 d4 55. Kf5 Kc4 56. Ke4 d3 
57. Rxd3 Rxa6 58. Rd6 Ra1 59. Kf5 Kc5 60. Kf6 Rh1 61. Kg6 Re1 62. Kf6 Rf1+ 
63. Ke7 Rh1 64. Rd2 Rh7+ 65. Kf6 Rh6+ 66. Kg5 Rh1 67. e6 Rg1+ 68. Kf6 Kc6 
69. Kf7 Kc7 70. Kf8 Rf1+ 71. Ke7 Rc1 72. Rd4 Rc2 73. Rf4 Rc1 74. Kf7 Kd6 
75. e7 Rc7 76. Rd4+ Ke5 77. Rd8 Ke4 
1-0

[Event "34th Chess Olympiad (men)"]
[Site "Istanbul"]
[Date "2000.11.05"]
[Round "8.57.1"]
[White "Dos Ramos, Carlos"]
[Black "Hawes, Jonathan"]
[WhiteElo "2000"]
[BlackElo "2113"]
[WhiteCountry "SUR"]
[BlackCountry "JCI"]
[Result "0-1"]

1. Nf3 d5 2. g3 c6 3. Bg2 Bf5 4. d3 h6 5. O-O Nf6 6. b3 Nbd7 7. Bb2 Qc7 
8. Nbd2 Rd8 9. Re1 e6 10. Nd4 Bh7 11. e4 dxe4 12. dxe4 Be7 13. Qe2 O-O 
14. Rad1 e5 15. Nf5 Bc5 16. Nc4 b5 17. Nce3 Rfe8 18. Bc1 Bf8 19. h4 g6 
20. g4 Nc5 21. Ng3 Ne6 22. c3 Nf4 23. Qf3 Nd7 24. g5 h5 25. Kh1 Nc5 
26. Rg1 Nce6 27. Ne2 Qa5 28. Nxf4 Nxf4 29. Nc2 Nxg2 30. Kxg2 Qxa2 31. Rxd8 Rxd8 
32. Qf6 Rd6 33. Nb4 Qxb3 34. Qxe5 a5 35. Na6 Qe6 36. Qf4 Rd3 37. Bd2 Qh3# 
0-1

[Event "34th Chess Olympiad (men)"]
[Site "Istanbul"]
[Date "2000.11.05"]
[Round "8.57.2"]
[White "Khan, Mohammed"]
[Black "Matoewi, Roger"]
[WhiteElo "2197"]
[BlackElo "2000"]
[WhiteCountry "JCI"]
[BlackCountry "SUR"]
[Result "0-1"]

1. c4 Nf6 2. g3 g6 3. Bg2 Bg7 4. Nf3 d6 5. Nc3 Nc6 6. d4 O-O 7. d5 Nb8 
8. O-O e5 9. Bg5 h6 10. Bxf6 Qxf6 11. e4 a6 12. b4 Qe7 13. Ne1 f5 14. Nd3 Nd7 
15. a3 Nf6 16. f3 Bd7 17. Qd2 fxe4 18. Nxe4 Nxe4 19. fxe4 Rxf1+ 20. Rxf1 Rf8 
21. Rxf8+ Qxf8 22. Qf2 Qxf2+ 23. Kxf2 h5 24. Bf3 Kf7 25. Bd1 Kf6 26. a4 Bh6 
27. b5 axb5 28. cxb5 b6 29. Nb4 Ke7 30. Kg2 Bd2 31. Nd3 Kf6 32. h3 Kg5 
33. Nb2 h4 34. Nc4 Bc3 35. g4 Kf4 36. Bc2 Be8 37. g5 Kxg5 38. Ne3 Kf4 
39. Ng4 g5 40. Nf6 Bg6 41. Bb1 g4 42. hxg4 Kg5 43. Nd7 Kxg4 44. Nf6+ Kg5 
45. Nd7 Bh5 46. Nf8 Kg4 47. Bc2 h3+ 48. Kh2 Kh4 49. Bd3 Be1 50. Bf1 Bg3+ 
51. Kg1 Bf3 52. Bxh3 Kxh3 53. Ne6 Bf4 54. Nxc7 Kg3 55. Kf1 Be3 56. Na8 Bf2 
57. a5 Bd1 58. Nxb6 Kf3 
0-1

[Event "34th Chess Olympiad (men)"]
[Site "Istanbul"]
[Date "2000.11.05"]
[Round "8.57.3"]
[White "Gajadin, Dew"]
[Black "Boxal, Graham"]
[WhiteElo "2202"]
[BlackElo "2000"]
[WhiteCountry "SUR"]
[BlackCountry "JCI"]
[Result "1-0"]

1. e4 d6 2. d4 Nf6 3. Bd3 g6 4. c4 Nc6 5. Ne2 e5 6. d5 Ne7 7. f3 Bg7 8. Be3 h6 
9. Qd2 g5 10. Nbc3 Ng6 11. g3 Nh5 12. O-O-O a6 13. Kb1 O-O 14. h4 gxh4 
15. Bxh6 h3 16. Rh2 Qf6 17. Rf1 Ne7 18. Bg5 Qg6 19. Bxe7 Re8 20. Bg5 f6 
21. g4 fxg5 22. gxh5 Qxh5 23. Ng3 Qh6 24. Nf5 Qh5 25. Nxg7 Kxg7 26. Ne2 Rh8 
27. Ng3 Qg6 28. Nf5+ Kf6 29. Rg1 Rh5 30. Rg3 Bxf5 31. exf5 Qh7 32. Qe3 Rg8 
33. c5 Rd8 34. a3 dxc5 35. Qxc5 Rd6 36. f4 Qe7 37. fxg5+ Rxg5 38. Rxg5 Kxg5 
39. Qg1+ Kh4 40. Qf2+ 
1-0

[Event "34th Chess Olympiad (men)"]
[Site "Istanbul"]
[Date "2000.11.05"]
[Round "8.57.4"]
[White "Hill, Christopher"]
[Black "Treu, Auke"]
[WhiteElo "2000"]
[BlackElo "2000"]
[WhiteCountry "JCI"]
[BlackCountry "SUR"]
[Result "1/2-1/2"]

1. e4 e6 2. d4 d5 3. exd5 exd5 4. Bd3 Nf6 5. Nf3 Be7 6. O-O O-O 7. Bg5 Bg4 
8. h3 Bxf3 9. Qxf3 Ne4 10. Bxe7 Qxe7 11. c3 Nd7 12. Bxe4 dxe4 13. Qd1 f5 
14. Re1 Qg5 15. Qd2 Qh4 16. Kh2 Nf6 17. g3 Qh5 18. Qe2 Qf7 19. Na3 c6 
20. Nc4 Nd5 21. Ne5 Qc7 22. f4 exf3 23. Qxf3 f4 24. Re2 fxg3+ 25. Qxg3 Rf6 
26. Rf2 Raf8 27. Raf1 Rxf2+ 28. Rxf2 Rxf2+ 29. Qxf2 
1/2-1/2

[Event "34th Chess Olympiad (men)"]
[Site "Istanbul"]
[Date "2000.11.05"]
[Round "8.58.1"]
[White "Li Ying, Denis"]
[Black "Faulks, Nick"]
[WhiteElo "2090"]
[BlackElo "2025"]
[WhiteCountry "MRI"]
[BlackCountry "BER"]
[Result "0-1"]

1. e4 c5 2. Nf3 d6 3. d4 Nf6 4. Nc3 cxd4 5. Nxd4 a6 6. f4 e5 7. Nf3 Nbd7 
8. Bd3 Be7 9. O-O O-O 10. a4 Re8 11. Kh1 Qc7 12. fxe5 Nxe5 13. Nxe5 dxe5 
14. Qe1 Be6 15. Bg5 Rad8 16. Qg3 Nh5 17. Qh4 Nf4 18. Bxe7 Qxe7 19. Qg3 Qb4 
20. Rab1 Rd6 21. Qf3 f6 22. Rfd1 Red8 23. Be2 Rxd1+ 24. Bxd1 Bd7 25. g3 Ne6 
26. b3 Bc6 27. Be2 Nd4 28. Qd3 Rd6 29. Qc4+ Qxc4 30. Bxc4+ Kf8 31. Bd3 Ke7 
32. Kg1 Nf3+ 33. Kg2 Nd2 34. Re1 Nxb3 35. Bxa6 Rd2+ 36. Re2 bxa6 37. cxb3 Rxe2+ 
38. Nxe2 Bxe4+ 39. Kf2 Bc2 40. Nc1 Kd6 41. Ke3 Kc5 42. Kd2 Bf5 43. Kc3 a5 
44. Na2 Bd7 45. Nc1 e4 46. Ne2 g5 47. Nd4 f5 48. Nc2 f4 49. h4 fxg3 
0-1

[Event "34th Chess Olympiad (men)"]
[Site "Istanbul"]
[Date "2000.11.05"]
[Round "8.58.2"]
[White "Rideout, Dan"]
[Black "Chinasamy, Devarajen"]
[WhiteElo "2000"]
[BlackElo "2020"]
[WhiteCountry "BER"]
[BlackCountry "MRI"]
[Result "0-1"]

1. e4 c6 2. d4 d5 3. exd5 cxd5 4. c4 Nf6 5. Nc3 Nc6 6. Nf3 Bg4 7. Be3 e6 
8. a3 Be7 9. Be2 O-O 10. c5 Rc8 11. O-O Ne4 12. Rc1 f5 13. b4 f4 14. Bd2 Nxd2 
15. Qxd2 a6 16. Rb1 Bf6 17. b5 axb5 18. Nxb5 Be7 19. Rfc1 Rb8 20. Rc3 Bf5 
21. Rbc1 Be4 22. Ne1 f3 23. Nxf3 Bxf3 24. Rxf3 Rxf3 25. Bxf3 Bg5 26. Qe1 Bxc1 
27. Qxc1 Qf6 28. Qe3 b6 29. cxb6 Rxb6 30. Be2 Ne7 31. h3 Nf5 32. Qc3 Qd8 
33. Qc5 Rb8 34. a4 Qa5 35. Qc6 Qe1+ 36. Bf1 Rf8 37. Qc2 Ng3 
0-1

[Event "34th Chess Olympiad (men)"]
[Site "Istanbul"]
[Date "2000.11.05"]
[Round "8.58.3"]
[White "Seegolam, Pradeep"]
[Black "Kast, Harry"]
[WhiteElo "2000"]
[BlackElo "2000"]
[WhiteCountry "MRI"]
[BlackCountry "BER"]
[Result "1-0"]

1. e4 c5 2. Nf3 d6 3. d4 cxd4 4. Nxd4 Nf6 5. Nc3 a6 6. Be2 e6 7. Be3 Be7 
8. Qd2 Qc7 9. O-O b5 10. a3 Bb7 11. f3 Nbd7 12. Nd1 Ne5 13. Nf2 h5 14. Bd3 Rc8 
15. Rac1 Qb8 16. c3 Qa8 17. Rfe1 Kd7 18. Rcd1 Nh7 19. Kh1 g5 20. Nb3 Rcg8 
21. Bd4 f6 22. Bf1 Ke8 23. Bxe5 fxe5 24. c4 bxc4 25. Bxc4 Kf7 26. Na5 Nf8 
27. Nxb7 Qxb7 28. Qe2 a5 29. Nd3 Ng6 30. Ba2 Nf4 31. Nxf4 gxf4 32. Rd2 h4 
33. h3 Rg3 34. Qc4 Rh6 35. Rc1 Rhg6 36. Qc7 Qb5 37. Bc4 Qc5 38. Bxe6+ 
1-0

[Event "34th Chess Olympiad (men)"]
[Site "Istanbul"]
[Date "2000.11.05"]
[Round "8.58.4"]
[White "Miller, Bobby"]
[Black "Marie, Patrik"]
[WhiteElo "2000"]
[BlackElo "2000"]
[WhiteCountry "BER"]
[BlackCountry "MRI"]
[Result "1/2-1/2"]

1. e4 c5 2. Nf3 Nc6 3. Bc4 g6 4. d4 cxd4 5. Nxd4 Bg7 6. Nxc6 bxc6 7. c3 Qc7 
8. O-O Nf6 9. f3 Rb8 10. Nd2 O-O 11. Nb3 d6 12. Be3 Rd8 13. Qc2 a5 14. Rad1 a4 
15. Nc1 d5 16. exd5 cxd5 17. Be2 e5 18. Rd2 Bd7 19. Rfd1 Bc6 20. Nd3 Nd7 
21. Nb4 Rxb4 22. cxb4 d4 23. b5 dxe3 24. Rxd7 Rxd7 25. Rxd7 Qxd7 26. bxc6 Qc7 
27. Qxa4 e4 28. Qa8+ Bf8 29. Qb7 Bd6 30. Qxc7 Bxc7 31. fxe4 Kf8 32. Kf1 Bxh2 
33. Bc4 Ke7 34. Ke2 Bc7 35. Kxe3 f6 36. b4 Kd6 37. b5 Kc5 38. Be2 h5 39. a4 h4 
40. Kd3 g5 41. Ke3 Bd8 42. Kf3 Kd4 43. Bd1 Ba5 44. Bb3 Ke5 45. Bd5 f5 
46. Ke3 g4 47. exf5 Kxd5 48. Kf4 h3 49. gxh3 gxh3 50. Kg3 Ke5 
1/2-1/2

[Event "34th Chess Olympiad (men)"]
[Site "Istanbul"]
[Date "2000.11.05"]
[Round "8.59.1"]
[White "Silveirinha, Jose Antonio C"]
[Black "Battin, Richard"]
[WhiteElo "2177"]
[BlackElo "2020"]
[WhiteCountry "MAC"]
[BlackCountry "SEY"]
[Result "1-0"]

1. d4 d5 2. c4 c6 3. Nc3 Bf5 4. Nf3 Nf6 5. g3 Nbd7 6. Nh4 Bg4 7. f3 Be6 
8. Bg2 dxc4 9. O-O Nd5 10. e4 Nxc3 11. bxc3 Nf6 12. Rb1 b6 13. f4 Bg4 
14. Qe1 g6 15. f5 Bg7 16. h3 Bh5 17. e5 Nd5 18. f6 O-O 19. fxg7 Kxg7 
20. g4 Bxg4 21. hxg4 Rc8 22. Qg3 e6 23. Be4 Nxc3 24. Qxc3 Qxh4 25. Qf3 Qd8 
26. Qe3 f5 27. exf6+ Rxf6 28. Qh6+ Kg8 29. Be3 Rc7 30. Kg2 Rff7 31. Rh1 Rg7 
32. Rbf1 Qe8 33. Bf4 Rb7 34. Be5 
1-0

[Event "34th Chess Olympiad (men)"]
[Site "Istanbul"]
[Date "2000.11.05"]
[Round "8.59.2"]
[White "Constance, Ryan"]
[Black "Fesalbon, Rolando"]
[WhiteElo "2000"]
[BlackElo "2000"]
[WhiteCountry "SEY"]
[BlackCountry "MAC"]
[Result "0-1"]

1. e4 Nf6 2. Nc3 d6 3. d3 e5 4. Nf3 Bg4 5. Be2 Bxf3 6. Bxf3 Nc6 7. Be3 Be7 
8. h3 a6 9. a3 O-O 10. O-O Na7 11. Bg4 Nb5 12. Nxb5 axb5 13. Qf3 c6 
14. Qg3 Nxg4 15. Qxg4 Kh8 16. Rfd1 c5 17. c3 d5 18. d4 exd4 19. cxd4 c4 
20. Rdc1 Ra6 21. e5 Rg6 22. Qf3 Qd7 23. Kf1 f6 24. Qd1 Qf5 25. Qe2 fxe5 
26. Rd1 Bh4 27. Rac1 h6 28. Rc2 Re8 29. Rdd2 exd4 30. Rxd4 Bg5 31. f4 Rd6 
32. Kg1 Bf6 33. Rdd2 d4 34. Qf3 Rxe3 35. Qxb7 Rde6 36. Rc1 d3 37. Qa8+ Kh7 
38. a4 Re2 39. Rxe2 Rxe2 40. Kf1 Qxf4+ 41. Qf3 Qxc1# 
0-1

[Event "34th Chess Olympiad (men)"]
[Site "Istanbul"]
[Date "2000.11.05"]
[Round "8.59.3"]
[White "Chan, Kuok"]
[Black "Renaud, Kenny"]
[WhiteElo "2000"]
[BlackElo "2000"]
[WhiteCountry "MAC"]
[BlackCountry "SEY"]
[Result "1-0"]

1. d4 d5 2. c4 c6 3. Nf3 e6 4. Nc3 dxc4 5. a4 Bb4 6. e3 b5 7. Bd2 Bd7 
8. Ne5 Ne7 9. axb5 Bxc3 10. Bxc3 cxb5 11. Nxf7 Kxf7 12. Qf3+ Ke8 13. Qxa8 Nec6 
14. Be2 Kf7 15. Bf3 a6 16. Bxc6 Bxc6 17. Qa7+ Qd7 18. Qxd7+ Bxd7 19. e4 Bc6 
20. f3 Bb7 21. Kf2 Nd7 22. Rhd1 Nb6 23. Rd2 Re8 24. Ba5 Na4 25. Ra3 Re7 
26. Rc2 Rd7 27. Rxa4 bxa4 28. Rxc4 a3 29. bxa3 Ke7 30. Ke3 Kf6 31. f4 g6 
32. g4 h6 33. h4 h5 34. g5+ Ke7 35. Rc5 Kf7 36. f5 gxf5 37. exf5 exf5 
38. Rxf5+ Kg7 39. Bb4 Rf7 40. Kf4 Rd7 41. Bc5 Rd8 42. Rf6 Re8 43. Rh6 Re2 
44. Rxh5 Re6 45. Rh6 
1-0

[Event "34th Chess Olympiad (men)"]
[Site "Istanbul"]
[Date "2000.11.05"]
[Round "8.59.4"]
[White "Pothin, Victor"]
[Black "Chang, Hon Kun"]
[WhiteElo "2000"]
[BlackElo "2200"]
[WhiteCountry "SEY"]
[BlackCountry "MAC"]
[Result "0-1"]

1. e4 e5 2. Bc4 Bc5 3. Qh5 Qf6 4. Nf3 d6 5. d3 h6 6. O-O g6 7. Qh4 Qg7 
8. Be3 g5 9. Qg3 Nf6 10. h3 Nh5 11. Qh2 Nd7 12. Nc3 c6 13. Rab1 a5 14. Na4 Bxe3 
15. fxe3 b5 16. Bxf7+ Qxf7 17. Nxe5 Qe6 18. Nf7 O-O 19. Qxd6 Qxd6 20. Nxd6 bxa4 
21. Nf5 Kh7 22. g4 Ng7 23. d4 Nb6 24. b3 Nxf5 25. gxf5 axb3 26. cxb3 Ba6 
27. Rfd1 Be2 28. Rd2 Bf3 29. e5 Rxf5 30. Rf2 Raf8 31. Rc1 h5 32. e6 Re8 
33. Rxc6 Bxc6 34. Rxf5 Rxe6 35. Rxa5 Nd5 36. Rc5 Nxe3 37. Re5 Rxe5 38. dxe5 Kg6 
39. Kf2 Nd1+ 40. Ke2 Nc3+ 41. Ke3 Nxa2 42. Kd4 Kf5 43. Kc5 Kxe5 44. Kxc6 g4 
0-1

[Event "34th Chess Olympiad (men)"]
[Site "Istanbul"]
[Date "2000.11.05"]
[Round "8.60.1"]
[White "Yung, Lau"]
[Black "Luga, Allan"]
[WhiteElo "2130"]
[BlackElo "2000"]
[WhiteCountry "HKG"]
[BlackCountry "PNG"]
[Result "1-0"]

1. e4 e5 2. Nf3 d6 3. Bc4 h6 4. Nc3 Nf6 5. d4 exd4 6. Nxd4 Be7 7. O-O O-O 
8. f4 Nbd7 9. Qf3 Nb6 10. Bb3 c5 11. Nde2 c4 12. Ba4 Bg4 13. Qe3 Nc8 
14. h3 Bxe2 15. Qxe2 Nb6 16. b3 Nxa4 17. bxa4 Qb6+ 18. Kh1 Qc6 19. Ba3 Rfe8 
20. Qf3 a6 21. a5 Bd8 22. Bxd6 Bxa5 23. e5 Qxf3 24. Rxf3 Bxc3 25. Rxc3 Ne4 
26. Rxc4 Nxd6 27. exd6 Red8 28. Rd1 Rd7 29. Rcd4 Rad8 30. c4 b6 31. a4 a5 
32. Kg1 f5 33. Kf2 Kf7 34. Rd5 Ke6 35. g4 fxg4 36. f5+ Kf6 37. hxg4 Kg5 
38. Kf3 g6 39. R1d4 Rf8 40. Ke4 gxf5+ 41. Rxf5+ Rxf5 42. gxf5 Kf6 43. Kd5 Kxf5 
44. Kc6 Rg7 45. d7 
1-0

[Event "34th Chess Olympiad (men)"]
[Site "Istanbul"]
[Date "2000.11.05"]
[Round "8.60.2"]
[White "Press, Shaun"]
[Black "Schepel, Kaarlo"]
[WhiteElo "2000"]
[BlackElo "2175"]
[WhiteCountry "PNG"]
[BlackCountry "HKG"]
[Result "1/2-1/2"]

1. e4 e5 2. Nf3 Nc6 3. Bb5 Nf6 4. O-O d6 5. c3 Bg4 6. h3 Bh5 7. d3 Qd7 
8. Be3 Be7 9. Nbd2 a6 10. Ba4 b5 11. Bc2 h6 12. Re1 g5 13. Nf1 Rg8 14. Ng3 Bg6 
15. d4 g4 16. dxe5 Nxe4 17. Nxe4 gxf3 18. Qxf3 d5 19. Nc5 Nxe5 20. Qg3 Qd6 
21. Bd4 Nc6 22. Qxd6 cxd6 
1/2-1/2

[Event "34th Chess Olympiad (men)"]
[Site "Istanbul"]
[Date "2000.11.05"]
[Round "8.60.3"]
[White "Kiernan, Mark"]
[Black "Albis, Jeppers"]
[WhiteElo "2125"]
[BlackElo "2000"]
[WhiteCountry "HKG"]
[BlackCountry "PNG"]
[Result "1/2-1/2"]

1. e4 c5 2. g3 Nc6 3. Bg2 g6 4. Ne2 Bg7 5. O-O Nf6 6. f4 d6 7. d3 Bd7 
8. Nd2 Qc8 9. Nc4 h5 10. Ne3 h4 11. f5 g5 12. g4 h3 13. Bf3 Ne5 14. Nc3 Rh4 
15. Ncd5 Qc6 16. Nxf6+ Bxf6 17. Nd5 O-O-O 18. c3 Kb8 19. Be3 c4 20. dxc4 Qxc4 
21. Nxf6 Nxf3+ 22. Qxf3 exf6 23. Rfd1 Bc6 24. Rd4 Qb5 25. Rb4 Qe5 26. Bf2 Rhh8 
27. Bg3 Qc5+ 28. Bf2 Qe5 29. Rd1 Qf4 30. Qe2 Rhe8 
1/2-1/2

[Event "34th Chess Olympiad (men)"]
[Site "Istanbul"]
[Date "2000.11.05"]
[Round "8.60.4"]
[White "Marko, Helmut"]
[Black "Chong, Chor"]
[WhiteElo "2205"]
[BlackElo "2000"]
[WhiteCountry "PNG"]
[BlackCountry "HKG"]
[Result "0-1"]

1. e4 c5 2. c3 d5 3. exd5 Qxd5 4. d4 e5 5. dxe5 Qxe5+ 6. Be2 Nc6 7. Nf3 Qc7 
8. O-O Be7 9. Re1 Nf6 10. Bg5 O-O 11. Na3 Be6 12. Qc2 Rad8 13. Rad1 a6 
14. Nc4 Rfe8 15. Ne3 Ng4 16. Nxg4 Rxd1 17. Bxd1 Bxg4 18. Bxe7 Rxe7 
19. Rxe7 Qxe7 20. h3 Bh5 21. Qe2 Qxe2 22. Bxe2 f6 23. Kf1 Bf7 24. a3 Kf8 
25. Nd2 Bd5 26. Bd3 Ne5 27. Be4 Bxe4 28. Nxe4 b6 29. b3 Ke7 30. Ke2 Ke6 
31. f4 Nc6 32. Ke3 Na5 33. Nd2 Kd5 34. c4+ Ke6 35. g4 g6 36. Ke4 f5+ 
37. Kd3 fxg4 38. hxg4 Nc6 39. Nf3 h5 40. gxh5 gxh5 41. Ke4 Na5 42. f5+ Kf6 
43. Nd2 h4 44. b4 Nb7 45. Kf4 Nd6 46. bxc5 bxc5 47. Nb3 h3 48. Kg3 Nb7 
49. Kxh3 Kxf5 50. Nd2 Kf4 51. Kg2 Ke3 52. Nf3 Kd3 53. Kf2 Kxc4 54. Ke2 Kb3 
55. Kd2 Nd6 56. a4 Kxa4 57. Kc3 Kb5 58. Nd2 a5 59. Nb1 Ne4+ 60. Kd3 Nf6 
61. Nc3+ Kb4 62. Na2+ Ka3 63. Nc1 Kb4 64. Na2+ Kb5 65. Nc3+ Kc6 66. Kc4 Nd7 
67. Kb3 Nb6 68. Nb1 c4+ 69. Kc3 Kc5 70. Kc2 Nd5 71. Nd2 Kb4 72. Ne4 c3 
73. Nf2 Kc4 74. Ng4 Nb4+ 75. Kc1 a4 76. Ne3+ Kd3 
0-1

[Event "34th Chess Olympiad (men)"]
[Site "Istanbul"]
[Date "2000.11.05"]
[Round "8.61.1"]
[White "Murasira, Albert"]
[Black "Salleh, Zulklifli"]
[WhiteElo "2000"]
[BlackElo "2000"]
[WhiteCountry "RWA"]
[BlackCountry "BRU"]
[Result "1/2-1/2"]

1. e4 e5 2. Nf3 Nc6 3. Bc4 Be7 4. d3 Nf6 5. Nc3 d6 6. h3 a6 7. a4 O-O 
8. Be3 Na5 9. Ba2 c5 10. O-O Nc6 11. Nd5 Nxd5 12. Bxd5 Be6 13. Bxc6 bxc6 
14. Nd2 f5 15. f4 h6 16. fxe5 dxe5 17. exf5 Rxf5 18. Rxf5 Bxf5 19. Qf3 Qd7 
20. Nc4 Qe6 21. Rf1 Rf8 22. Qg3 e4 23. Qe5 exd3 24. Qxe6+ Bxe6 25. Rxf8+ Kxf8 
26. cxd3 Ke8 27. Kf2 Kd7 28. Bf4 Bd5 29. g4 Bf6 30. Be5 Ke6 31. Bxf6 Kxf6 
32. Kg3 Bxc4 33. dxc4 Ke5 34. Kf3 Kd4 35. Kf4 g6 36. b3 a5 37. h4 Kc3 
38. Ke5 Kxb3 39. Kf6 g5 40. hxg5 hxg5 41. Kxg5 Kxc4 42. Kf5 Kd4 43. g5 c4 
44. g6 c3 45. g7 c2 46. g8=Q c1=Q 47. Qd8+ Kc4 48. Qxa5 Qc2+ 49. Ke6 Qe4+ 
50. Kd6 Qd5+ 51. Qxd5+ cxd5 52. Kc6 d4 53. a5 d3 54. a6 d2 55. a7 d1=Q 
56. Kb7 Qd5+ 57. Kb8 Qd6+ 58. Kb7 Kb5 59. a8=Q Qc6+ 60. Kb8 Qd6+ 61. Kc8 Qf8+ 
62. Kb7 Qe7+ 63. Kc8 Qe8+ 64. Kb7 Qd7+ 65. Kb8 
1/2-1/2

[Event "34th Chess Olympiad (men)"]
[Site "Istanbul"]
[Date "2000.11.05"]
[Round "8.61.2"]
[White "Tun, Yap"]
[Black "Rutayisire, Johnson"]
[WhiteElo "2000"]
[BlackElo "2000"]
[WhiteCountry "BRU"]
[BlackCountry "RWA"]
[Result "1-0"]

1. d4 d5 2. e3 Nf6 3. Bd3 Be6 4. Nd2 c6 5. f4 Qd7 6. Ngf3 Bg4 7. O-O e6 
8. Qe1 Bxf3 9. Nxf3 Bd6 10. Ne5 Qe7 11. Qg3 g6 12. Qf3 Nbd7 13. Bd2 Nh5 
14. g4 Ng7 15. Be1 f6 16. Nxd7 Kxd7 17. a4 a5 18. Kh1 b6 19. Bg3 Rhf8 
20. e4 dxe4 21. Bxe4 Rac8 22. c4 f5 23. Bd3 Qf6 24. d5 c5 25. Rad1 Rfd8 
26. dxe6+ Nxe6 27. Qb7+ Bc7 28. Bxf5+ Ke7 29. Bxe6 Kxe6 30. f5+ Kf7 
31. fxg6+ Kxg6 32. Rxf6+ Kxf6 33. Rf1+ Kg7 34. Bxc7 Re8 35. Bd8+ Kg8 
36. Qf7+ Kh8 37. Qf6+ 
1-0

[Event "34th Chess Olympiad (men)"]
[Site "Istanbul"]
[Date "2000.11.05"]
[Round "8.61.3"]
[White "Minani, Froduald"]
[Black "Yusof, Abdul"]
[WhiteElo "2000"]
[BlackElo "2000"]
[WhiteCountry "RWA"]
[BlackCountry "BRU"]
[Result "0-1"]

1. e4 c5 2. Nc3 Nc6 3. Nf3 g6 4. Bb5 Bg7 5. Bxc6 bxc6 6. O-O Nf6 7. h3 d6 
8. e5 Nd5 9. Nxd5 cxd5 10. exd6 Qxd6 11. c3 Ba6 12. Re1 O-O 13. d4 c4 
14. b3 Rfe8 15. b4 Bc8 16. a4 Bf5 17. Ba3 Qc7 18. Ra2 Be4 19. Ng5 Bd3 
20. Nf3 f6 21. Re6 Bf5 22. Ra6 Bc8 23. Ra5 e6 24. Re2 Bd7 25. g3 Bf8 26. h4 Bd6 
27. Qc1 Bxg3 28. fxg3 Qxg3+ 29. Rg2 Qxf3 30. Qe1 e5 31. Rg3 Qe4 32. Qxe4 dxe4 
33. d5 f5 34. Re3 Kf7 35. Ra6 Bc8 36. Rd6 Bb7 37. Rd7+ Re7 38. Rd6 Bc8 
39. b5 Rd7 40. Rxd7+ Bxd7 41. Bc1 a6 42. h5 axb5 43. hxg6+ hxg6 44. axb5 Ra1 
45. Re1 Bxb5 46. Kf1 f4 47. Bd2 Rxe1+ 48. Bxe1 Kf6 49. Ke2 Kf5 50. Bd2 g5 
51. Be1 Be8 52. d6 
0-1

[Event "34th Chess Olympiad (men)"]
[Site "Istanbul"]
[Date "2000.11.05"]
[Round "8.62.1"]
[White "Rowe, Peter"]
[Black "Allen, Daryl"]
[WhiteElo "2092"]
[BlackElo "2000"]
[WhiteCountry "GCI"]
[BlackCountry "ISV"]
[Result "1-0"]

1. d4 Nf6 2. Bg5 e6 3. Nd2 Be7 4. e3 d5 5. Bd3 Nbd7 6. Ngf3 h6 7. Bh4 O-O 
8. h3 c5 9. c3 b6 10. g4 Nh7 11. Bg3 f5 12. Qe2 Bb7 13. Ne5 Nxe5 14. Bxe5 Bd6 
15. Nf3 cxd4 16. exd4 Bxe5 17. Qxe5 fxg4 18. Qxe6+ Kh8 19. Ne5 Rf6 
20. Ng6+ Rxg6 21. Qxg6 Qe8+ 22. Qxe8+ Rxe8+ 23. Kd2 gxh3 24. Rxh3 Ng5 
25. Re3 Ne4+ 26. Bxe4 dxe4 27. c4 Rf8 28. Ke2 g5 29. d5 Rf4 30. Rd1 Bc8 
31. Rd4 Bg4+ 32. Ke1 Bf3 33. d6 Rf8 34. d7 Rd8 35. Ra3 h5 36. Rxa7 h4 
37. Kf1 Kg7 38. Rc7 h3 39. Kg1 e3 40. fxe3 g4 41. Kh2 Kf6 42. Rc8 Ke7 
43. Rxd8 Kxd8 44. e4 
1-0